„Mert az ember emberből van.” – A szubjektív ápolási diagnózisok helye és szerepe a triangulált betegvezetés modelljében

A tanulmány célja bemutatni a szubjektív ápolási diagnózisok lehetséges megközelítési módját a betegvezetésen alapuló ápolási modell szerint és annak felhasználását az ápolás gyakorlatában, továbbá feltárni azok hasznosságát az ápolás oktatásában és a tudományos kutatásban. Módszer: Az ápolási diagn...

Teljes leírás

Elmentve itt :
Bibliográfiai részletek
Szerző: Helembai Kornélia
Dokumentumtípus: Cikk
Megjelent: 2024
Sorozat:NŐVÉR 37 No. 5
Tárgyszavak:
doi:10.55608/nover.37.0023

mtmt:35504026
Online Access:http://publicatio.bibl.u-szeged.hu/35156
LEADER 02432nab a2200217 i 4500
001 publ35156
005 20241118120449.0
008 241118s2024 hu o 000 hun d
022 |a 0864-7003 
024 7 |a 10.55608/nover.37.0023  |2 doi 
024 7 |a 35504026  |2 mtmt 
040 |a SZTE Publicatio Repozitórium  |b hun 
041 |a hun 
100 1 |a Helembai Kornélia 
245 1 0 |a „Mert az ember emberből van.” – A szubjektív ápolási diagnózisok helye és szerepe a triangulált betegvezetés modelljében  |h [elektronikus dokumentum] /  |c  Helembai Kornélia 
260 |c 2024 
300 |a 31-42 
490 0 |a NŐVÉR  |v 37 No. 5 
520 3 |a A tanulmány célja bemutatni a szubjektív ápolási diagnózisok lehetséges megközelítési módját a betegvezetésen alapuló ápolási modell szerint és annak felhasználását az ápolás gyakorlatában, továbbá feltárni azok hasznosságát az ápolás oktatásában és a tudományos kutatásban. Módszer: Az ápolási diagnózisok jellemzőit a diagnózisok ma elfogadott rendszerének és a pszichológia releváns elméleteinek egybevetésével elemeztük. Eredmények: Az ápolási diagnózisok tartalmi elemeit, valamint az emberi rendszerhierarchia működésének törvényszerűségeit középpontba állító elméleti áttekintés eredményei azt bizonyítják, hogy új megközelítésre van szükség az emberek szubjektív reagálási módjainak azonosításához és ezáltal a szomatikus és szubjektív ápolási diagnózisok egyenértékű fontosságának megértéséhez. Következtetés: Az emberi méltóság és autonómia támogatásához, a betegek motivációjának felkeltéséhez a verbális és nonverbális viselkedésükben kódolt üzenetek pontos értelmezése nélkülözhetetlen. A szubjektív ápolási diagnózisok struktúrája az üzenetek dekódolásához nyújt segítséget. Az ápolási diagnózisok rendszerének ez irányú gazdagítása, valamint a képzési programok innovációja és a szubjektív ápolási diagnózisok alkalmazásának bevezetése a professzionális ápolás gyakorlatába együttesen az ápolási kultúra további fejlődésének előfeltételeként tekinthető. 
650 4 |a Egészségtudományok 
856 4 0 |u http://publicatio.bibl.u-szeged.hu/35156/1/because-the-man-is-made-of-human-the-place-and-role-of-subjective-nursing-diagnoses-in-the-model-of-triangulated-patient-conducting.pdf  |z Dokumentum-elérés